| 000 | 01154cab a2200229 4500 | ||
|---|---|---|---|
| 001 | ABS37300 | ||
| 008 | 090401t1986 xxu||||| |||| 00| 0 eng d | ||
| 035 | _a(Sirsi) u3610 | ||
| 041 | _aeng | ||
| 100 | _aLillington, D. | ||
| 245 | _aRe-using redundant farm buildings - planning problems | ||
| 260 | _c1986 | ||
| 350 | _a0 | ||
| 490 |
_aFarm Management _v6 (4) Winter 1986, 159-166 (8) |
||
| 520 | _aDescribes some of the problems which may be encountered in the conversion of redundant farm buildings to alternative uses . Obtaining planning permission is one of the most frequent problems encountered and the article looks at the difficulties in relation to the use that is to be made of the building. Covers conversions to dwellings , holiday accommodation , public use , and a return to agricultural use . Concludes that although the conversion of farm buildings has promoted conservation of unique buildings, it is often expensive and local authorities may still impose constraints. | ||
| 650 | _aREDUNDANT BUILDINGS | ||
| 690 | _aRURAL PRACTICE | ||
| 700 | _aCarpenter, J. | ||
| 700 | _aWarren, M. | ||
| 942 | _n0 | ||
| 948 | _c04/03/1997 | ||
| 999 |
_c2218 _d2218 |
||